| 000 | 00817cam a2200277 4500500 | ||
|---|---|---|---|
| 005 | 20260405002421.0 | ||
| 041 | _afre | ||
| 042 | _adc | ||
| 100 | 1 | 0 |
_aPortevin, Catherine _eauthor |
| 245 | 0 | 0 | _aPatrick Chamoiseau: “L’individu doit se fabriquer autour de l’absence” |
| 260 | _c2017. | ||
| 500 | _a33 | ||
| 690 | _aAntilles | ||
| 690 | _aCatherine Portevin | ||
| 690 | _aCollectif | ||
| 690 | _aCréole | ||
| 690 | _aCréolité | ||
| 690 | _aÉcrivain | ||
| 690 | _aEdouard Glissant | ||
| 690 | _aIndividu | ||
| 690 | _aMigration | ||
| 690 | _aPatrick Chamoiseau | ||
| 690 | _aPoésie | ||
| 786 | 0 | _nPhilosophie magazine | 108 | 4 | 2017-04-01 | p. 39-41 | 1951-1787 | |
| 856 | 4 | 1 | _uhttps://shs.cairn.info/magazine-philosophie-magazine-2017-4-page-39?lang=fr&redirect-ssocas=7080 |
| 999 |
_c2057473 _d2057473 |
||